Score 0/137 Timer 15:00
0 Plays Today
Starts with Name % Correct
AbAbigail
95.9%
EmEmma
91.7%
IsIsabella
91%
AnAnna
89.5%
ChChloe
89.5%
AvAva
88.3%
OlOlivia
88%
EvEvelyn
87.6%
GrGrace
86.8%
IvIvy
86.8%
AdAddison
85.7%
JuJulia
85.3%
AuAubrey
85%
BrBrianna
84.2%
LuLucy
83.5%
DiDiana
82.3%
JeJessica
82%
FaFaith
81.6%
ZoZoe
81.2%
GaGabriella
80.8%
MaMadison
80.8%
AmAmelia
80.5%
GwGwendolyn
80.5%
AsAshley
79.7%
LiLily
79.7%
QuQuinn
79.7%
AaAaliyah
79.3%
FiFiona
79.3%
ApApril
78.9%
KyKylie
78.2%
McMckenzie
77.8%
NaNatalie
77.8%
JaJasmine
77.4%
RaRachel
77.4%
ElElizabeth
77.1%
ViVictoria
77.1%
ErErin
76.3%
KhKhloe
76.3%
HaHailey
75.9%
ArArianna
75.6%
SoSophia
75.6%
EsEsther
74.4%
SaSamantha
73.3%
IzIzabella
72.6%
JiJillian
72.6%
RuRuby
72.6%
Starts with Name % Correct
MiMia
72.2%
WhWhitney
71.8%
BaBailey
71.1%
IrIris
71.1%
KiKimberly
71.1%
ClClaire
70.7%
NoNora
70.3%
DeDestiny
68.8%
EiEileen
68.8%
GlGloria
68.8%
VeVeronica
68.8%
KaKaylee
68.4%
RoRose
68.4%
BeBella
67.7%
PhPhoebe
67.7%
AlAlexis
67.3%
NiNicole
67.3%
WeWendy
66.9%
LeLeah
66.5%
MyMya
66.5%
PePeyton
66.5%
RiRiley
66.5%
GiGianna
66.2%
StStella
66.2%
SkSkylar
66.2%
FrFrancesca
65.8%
CeCecilia
65.4%
CoCora
65%
ScScarlett
64.7%
PaPayton
63.9%
CyCynthia
63.2%
ThTheresa
62.4%
VaValeria
62.4%
HoHope
61.7%
LyLydia
60.9%
AyAyla
60.2%
MeMelanie
60.2%
LaLayla
59.8%
RyRylee
59.8%
TaTaylor
59.4%
BiBianca
59%
DaDaniela
59%
SySydney
54.5%
KlKloe
54.1%
WiWillow
52.6%
NyNyla
52.3%
Starts with Name % Correct
AtAthena
51.9%
NeNevaeh
51.9%
CrCrystal
51.5%
JoJocelyn
50.8%
KeKennedy
50.8%
PiPiper
50.4%
TrTrinity
50%
MoMorgan
49.2%
KrKristen
48.5%
GeGenesis
47.7%
ToTori
47.7%
CiCiara
46.2%
TeTessa
45.9%
SlSloane
45.1%
SeSerenity
44%
CaCamila
43.6%
TiTiffany
42.1%
SiSienna
41.4%
ShShelby
41%
DyDylan
39.8%
XiXimena
38%
KoKourtney
37.2%
YeYesenia
36.8%
HeHeidi
36.5%
IlIliana
36.5%
EdEden
36.1%
SuSummer
36.1%
ReReagan
35.7%
AiAinsley
34.6%
AkAkira
32%
LoLondon
31.2%
InIngrid
26.3%
PrPresley
26.3%
ItItzel
25.6%
GuGuadalupe
24.4%
ImImani
22.9%
DoDominique
22.2%
DuDulce
19.9%
YaYaretzi
19.9%
FeFernanda
18%
ZiZion
18%
ZaZariah
17.7%
ZuZuri
16.9%
AzAzul
10.5%
YoYoselin
7.9%
Remove Ads.
Support Sporcle.
Get the best of Sporcle when you Go Orange. This ad-free experience offers more features, more stats, and more fun while also helping to support Sporcle. Thank you for becoming a member.

You're not logged in!

Compare scores with friends on all Sporcle quizzes.
OR
Log In

Show Comments

Extras

Top Quizzes Today


Score Distribution

Your Account Isn't Verified!

In order to create a playlist on Sporcle, you need to verify the email address you used during registration. Go to your Sporcle Settings to finish the process.

Report this User

Report this user for behavior that violates our Community Guidelines.

Details: